000 00978nam0a22002651 4500
001 rc\587949
005 20250621174145.0
035 _a(NLR Aleph) 005834016
090 _a5609458
_c5609458
100 _a20031121d1999 |||y0rusy50 ca
101 0 _arus
102 _aRU
105 _aa |||||||||
200 1 _aРусская хвала Поэту
_eСб., посвящен 200-летию со дня рождения А.С. Пушкина
_f[Сост. Федосов В.К.]
210 _aСПб.
_cБ. и.
_d1999
215 _a56 с.
_cил.
_d20
225 1 _aВолхв
_eЖурн. венедов
_eПрил. к газ. "Род. просторы"
_v№ 1 (21)
225 1 _aРодники отечественной культуры
300 _aНа обл. только загл. сер.
320 _aБиблиогр. в подстроч. примеч.
801 0 _aRU
_bNLR
_gpsbo
801 1 _aRU
_bELAR
_2rusmarc
852 _aNLR
_jП23/3399
942 _cBOOK
980 _aNB